000 00254nam a2200109Ia 4500
008 220216s9999 xx 000 0 und d
245 0 _aReal problems, solitions
260 _bTerragreen
_c2011
300 _a14-17
650 _aClimate change
942 _cJS
999 _c66384
_d66384